000 00643nam a2200193Ii 4500
003 JO-AjNU
008 230605s9999||||xx |||||||||||||| ||und||
040 _aJO-AjNU
_bara
_erda
_cJO-AjNU
041 _aara
050 1 4 _aBP135.A128 M47
100 3 _aالشناوي،عبد العزيز,
_eauthor
_98802
245 0 0 _aميراث رسول الله صلى الله علية وسلم
264 3 1 _aالمنصورة: مكتبة الايمان
300 _a142ص
336 _atext
_btxt
_2rdacontent
337 _aunmediated
_bn
_2rdamedia
338 _avolume
_bnc
_2rdacarrier
650 4 _aعبادات - الاسلام - حديث شريف
_98803
999 _aA974
_c4542
_d4542